000 00990nam a22003498i 4500
999 _c714
_d714
001 020812308
003 UkOxU
005 20191205120002.0
008 161201r20172001enk j 000|f|eng|d
015 _aGBB716637
_2bnb
016 7 _a018213567
_2Uk
020 _a9780141378640 (pbk.) :
035 _a(Uk)018213567
035 _a(StEdALDL)1/3541735
040 _aStDuBDS
_beng
_erda
_cStDuBDS
049 _aCROBAR
082 _aFIC BLA
100 1 _aBlackman, Malorie,
_eauthor.
245 1 0 _aNoughts & crosses /
_cMalorie Blackman.
263 _a201704
264 1 _aLondon :
_bPenguin Books,
_c2017.
300 _a1 volume. ; 437 p. ;
_c20 cm.
336 _atext
_2rdacontent
337 _aunmediated
_2rdamedia
338 _avolume
_2rdacarrier
490 0 _aThe noughts & crosses series
500 _aOriginally published: London: Doubleday, 2001.
655 0 _aDystopias.
655 0 _aYoung adult fiction.
942 _2ddc
_cFIC